000 00501nam a2200193Ia 4500
003 OSt
005 20221007083217.0
006 a|||||r|||| 00| 0
007 ta
008 221006b |||||||| |||| 00| 0 eng d
024 _a23,589
037 _cTextual
040 _aFLL
_cFLL
_beng
041 _2eng
_aeng
100 _aBaxi Upendra
245 0 _aLegal assistance to the poor and access problems of the rural population.
942 _cTEXL
_2CC
999 _c1169228
_d1169228